000 00604nam a2200205Ia 4500
003 GCL
008 140319s9999 xx 000 0 ara d
040 _aGCL /
_cGCL
082 0 4 _a842
_bهـ ب
100 1 _aسمير سرحان
245 1 0 _aالبؤساء /
_cسمير سرحان
700 1 _aهوجو، فيكتور
260 _a[S.N] :
_bدار سعاد الصباح ،
_c1993
300 _a190 ص
490 _a
650 0 4 _aالادب الفرنسى
650 0 4 _aالمسرحيات الفرنسية
650 0 4 _aالمسرحيات الفرنسية المترجمة
942 _2ddc
_cBK
999 _c29228
_d29228